| 000 | 00486nam a2200169 i 4500 | ||
|---|---|---|---|
| 001 | 96621 | ||
| 003 | ES-MaACL | ||
| 005 | 20230906181940.0 | ||
| 007 | t| | ||
| 008 | 050629s1972 it af |||| |bita d | ||
| 100 | 1 |
_aMandel, Gabriele. _975943 |
|
| 245 | 1 | 3 |
_aLa vita e l'arte di Van Gogh / _cGabriele Mandel. |
| 260 |
_aMilano : _bArnoldo Mondadori, _c1972. |
||
| 300 |
_a158 p., 5 h. con 32 lám. col. ; _c28 cm. |
||
| 600 | 1 | 4 |
_aGogh, Vincent van. _957595 |
| 852 |
_aES-MaACL _jC-50767 |
||
| 999 |
_c96621 _d96621 |
||